Catálogo
 En Linea

Más libros para más : (Registro nro. 33391)

Detalles MARC
000 -CABECERA
campo de control de longitud fija 00716nam a2200181 a 4500
001 - NÚMERO DE CONTROL
campo de control 000033900
005 - FECHA Y HORA DE LA ÚLTIMA TRANSACCIÓN
campo de control 20200930070617.0
008 - DATOS DE LONGITUD FIJA--INFORMACIÓN GENERAL
campo de control de longitud fija 110914s2007 ag 000 0 spa d
020 ## - NÚMERO INTERNACIONAL ESTÁNDAR DEL LIBRO
Número Internacional Estándar del Libro 9789879350447
040 ## - FUENTE DE LA CATALOGACIÓN
Centro catalogador/agencia de origen DO-SdBNP
Lengua de catalogación spa
Centro/agencia transcriptor BNPHU
245 00 - MENCIÓN DE TÍTULO
Título Más libros para más :
Resto del título colecciones del Centro Editor de América Latina /
Mención de responsabilidad, etc. recopilación, Fabiola Etchemaite ; testimonios e investigación periodística, Judith Gociol.
260 ## - PUBLICACIÓN, DISTRIBUCIÓN, ETC.
Lugar de publicación, distribución, etc. Buenos Aires, Argentina :
Nombre del editor, distribuidor, etc. Ciudad Autónoma de Buenos Aires,
Fecha de publicación, distribución, etc. 2007.
300 ## - DESCRIPCIÓN FÍSICA
Extensión 687 p. :
Otras características físicas il., ;
Dimensiones 29 cm.
490 1# - MENCIÓN DE SERIE
Mención de serie Índice y bibliografías
Designación de volumen o secuencia 2
700 1# - PUNTO DE ACCESO ADICIONAL--NOMBRE DE PERSONA
Nombre de persona Etchemaite, Fabiola
9 (RLIN) 59340
700 1# - PUNTO DE ACCESO ADICIONAL--NOMBRE DE PERSONA
Nombre de persona Gociol, Judith.
9 (RLIN) 59341
830 #0 - PUNTO DE ACCESO ADICIONAL DE SERIE-TÍTULO UNIFORME
Título uniforme Índice y bibliografías
Designación de volumen o secuencia 2
9 (RLIN) 59342
Existencias
Estado de retiro Estado de pérdida Restricciones de uso No para préstamo Código de colección Localización permanente Ubicación/localización actual Ubicación en estantería Fecha de adquisición Número de inventario Total de préstamos Signatura topográfica completa Código de barras Fecha visto por última vez Precio válido a partir de Tipo de ítem Koha
      Excluido de préstamo Monografías: Libros y Folletos General General En catalogación 14.09.2011 LF1   33900-10 25.06.2020 25.06.2020 No se presta

Con tecnología Koha